Abuse of Dutch private companies: (BVs); an empir. study

Saved in:  
Bibliographic Details
Authors: Berghuis, A. C. (Author) ; Paulides, G. (Author)
Format: Print Book
Language:English
Published: The Hague Research and Documentation Centre 1983
In: Research and Documentation Centre (77)
Year: 1983
Availability in Tübingen:Present in Tübingen.
UB: KB 7 E 318
Check availability: HBZ Gateway
Subito Delivery Service: Order now.

MARC

LEADER 00000cam a2200000 c 4500
001 1090852843
003 DE-627
005 20220514123652.0
007 tu
008 900629s1983 xx ||||| 00| ||eng c
035 |a (DE-627)1090852843 
035 |a (DE-576)020852843 
035 |a (DE-599)BSZ020852843 
035 |a (OCoLC)311276732 
040 |a DE-627  |b ger  |c DE-627  |e rakwb 
041 |a eng 
100 1 |a Berghuis, A. C.  |4 aut 
245 1 0 |a Abuse of Dutch private companies  |b (BVs); an empir. study  |c A. C. Berghuis; G. Paulides 
264 1 |a The Hague  |b Research and Documentation Centre  |c 1983 
300 |a 35 S. 
336 |a Text  |b txt  |2 rdacontent 
337 |a ohne Hilfsmittel zu benutzen  |b n  |2 rdamedia 
338 |a Band  |b nc  |2 rdacarrier 
490 1 |a Research and Documentation Centre  |v 77 
583 1 |a Archivierung prüfen  |c 20200919  |f DE-640  |z 2  |2 pdager 
700 1 |a Paulides, G.  |4 aut 
810 2 |a Wetenschappelijk Onderzoek- en Documentatiecentrum  |g Den Haag  |t Research and Documentation Centre  |v 77  |9 77  |w (DE-627)169139204  |w (DE-576)01390342X  |w (DE-600)896616-3  |7 am 
951 |a BO 
ELC |b 1 
LOK |0 000 xxxxxcx a22 zn 4500 
LOK |0 001 2146818239 
LOK |0 003 DE-627 
LOK |0 004 1090852843 
LOK |0 005 19900629000000 
LOK |0 008 900629||||||||||||||||ger||||||| 
LOK |0 040   |a DE-21  |c DE-627  |d DE-21 
LOK |0 852   |a DE-21 
LOK |0 852 1  |c KB 7 E 318  |9 00 
LOK |0 935   |a krim 
LOK |0 936ln  |a k1 
LOK |0 939   |a 29-06-90  |b l01 
ORI |a SA-MARC-krimdoka001.raw 
SIG |a UB: KB 7 E 318